000 00678nam a22002057a 4500
999 _c20930
_d20930
003 AR-CdUCM
008 190401b ||||| |||| 00| 0 spa d
040 _aMUNICIPALIDAD PROVINCIAL DEL CUSCO
_cBIBLIOTECA MUNICIPAL DEL CUSCO
082 _a848 /
_bG77
100 _aGranch, H. C.
_930907
245 _aCuentos de hadas bohemios /
260 _aBarcelona :
_bMolino,
_c1960.
300 _a103 paginas ;
_bIlustraciones,
_c29 cm.
505 _aContenido :Cuentos Infantiles.
650 _aLiteratura educacional primaria
_927715
650 _aCuentos
_9217
700 _aRmirez, Pablo (cubierta), Bocquet, J. P. (ilustraciones)
_943664
942 _2ddc
_cLIBROS
945 _aAndy